000 00527nam a2200181Ia 4500
003 GCL
008 140319s9999 xx 000 0 ara d
040 _aGCL /
_cGCL
082 0 4 _aق
_b962.06
_bم ى
100 1 _aمحمد امين حسونة
245 1 0 _a23 يوليو ثورة التحرير فى عام /
_cمحمد امين حسونة
300 _a146 ص
490 _a100 قصة
_v0
650 0 4 _aالعصر الحديث
650 0 4 _aثورة 23 يوليو 1952
650 0 4 _aمصر - تاريخ
942 _2ddc
_cBK
999 _c45606
_d45606